INTRODUCTION TO PHILOSOPHY (Record no. 29542)

MARC details
000 -LEADER
fixed length control field 00331nam a2200133Ia 4500
008 - FIXED-LENGTH DATA ELEMENTS--GENERAL INFORMATION
fixed length control field 240624s9999 xx 000 0 und d
041 ## - LANGUAGE CODE
Language code of text/sound track or separate title eng
082 ## - DEWEY DECIMAL CLASSIFICATION NUMBER
Classification number 210 MAR
100 ## - MAIN ENTRY--PERSONAL NAME
Personal name MARITAIN JACQUES
245 ## - TITLE STATEMENT
Title INTRODUCTION TO PHILOSOPHY
260 ## - PUBLICATION, DISTRIBUTION, ETC.
Date of publication, distribution, etc. 2016
Place of publication, distribution, etc. New Delhi
Name of publisher, distributor, etc. Bloomsbury
300 ## - PHYSICAL DESCRIPTION
Extent xv, 178 p.; 19 cm.
365 ## - TRADE PRICE
Currency code RS
Price amount 30
Holdings
Withdrawn status Lost status Damaged status Not for loan Home library Current library Shelving location Date acquired Cost, normal purchase price Total Checkouts Full call number Barcode Date last seen Date last checked out Copy number Price effective from Koha item type
        IMTN IMTN Rack 4-A 11/16/2017 499.00 1 210 MAR 29542 03/01/2025 01/09/2025 1 06/24/2024 Books
Designed & Maintained by: LRC IMT Nagpur Contact: lrc@imtnag.ac.in© 2024. All Rights Reserved.